Alle Ark Maps (ASE ASA) - Statistiken

Allgemein
  • Dieses Quiz wurde 52 mal gespielt
  • Das Durchschnittsergebnis liegt bei 7 aus 12
Antwortstatistiken
All Maps % Korrekt
The Island
100%
Ragnarok
88%
Scorched Earth
76%
The Center
73%
Valguero
71%
Aberration
59%
Lost Island
59%
Extinction
54%
Fjordur
54%
Crystal Isles
37%
Genesis Part 1
29%
Genesis Part 2
29%
Keine übereinstimmenden Quizze gefunden
Verteilung der Resultate
Anzahl Personen mit jedem Resultat
Perzentil nach korrekt beantworteten Fragen
Ihre Resultats-Entwicklung
Sie haben dieses Quiz noch nicht gespielt